[Event "SVK-chT4 A22 1819"]
[Site "Slovakia"]
[Date "2019.01.20"]
[Round "7.1"]
[White "Sarmir, Milos"]
[Black "Vegh, Vince"]
[Result "1-0"]
[WhiteElo "2089"]
[BlackElo "1937"]
[PlyCount "83"]
[EventDate "2018.10.14"]
[EventType "team-tourn"]
[EventRounds "11"]
[EventCountry "SVK"]
[SourceTitle "EXT 2020"]
[Source "ChessBase"]
[SourceDate "2019.10.17"]
[SourceVersion "1"]
[SourceVersionDate "2019.10.17"]
[SourceQuality "1"]

1. Nf3 Nf6 2. g3 d5 3. Bg2 c6 4. 0-0 e6 5. d4 c5 6. c3 Nc6 7. dxc5 Bxc5 8. b4 Be7 9. Bb2 0-0 10. Nbd2 Qc7 11. Rc1 b5 12. Nb3 a6 13. Nbd4 Bd7 14. Nxc6 Bxc6 15. Nd4 Bd7 16. Qd3 Rfd8 17. f4 a5 18. a3 Qb6 19. Kh1 Rac8 20. h3 Ne8 21. Nf3 f6 22. g4 Nd6 23. Nd2 axb4 24. cxb4 Nc4 25. Bd4 Qa6 26. Nxc4 dxc4 27. Qe3 Kh8 28. g5 f5 29. Qc3 Bf8 30. h4 Bc6 31. h5 Bxg2+ 32. Kxg2 Rxd4 33. Qxd4 Qxa3 34. Qd7 Qa8+ 35. Kg3 Qb8 36. Qxe6 Bxb4 37. h6 Bf8 38. hxg7+ Bxg7 39. Rh1 Qc7 40. Rxh7+ Kxh7 41. Rh1+ Bh6 42. Rxh6+ 1-0

[Event "SVK-chT4 A22 1819"]
[Site "Slovakia"]
[Date "2019.01.06"]
[Round "6.6"]
[White "Klanica, Anton"]
[Black "Sarmir, Milos"]
[Result "0-1"]
[WhiteElo "1772"]
[BlackElo "2089"]
[PlyCount "110"]
[EventDate "2018.10.14"]
[EventType "team-tourn"]
[EventRounds "11"]
[EventCountry "SVK"]
[SourceTitle "EXT 2020"]
[Source "ChessBase"]
[SourceDate "2019.10.17"]
[SourceVersion "1"]
[SourceVersionDate "2019.10.17"]
[SourceQuality "1"]

1. e4 e5 2. Nf3 Nc6 3. Bb5 a6 4. Bxc6 dxc6 5. d4 exd4 6. Qxd4 Be6 7. Bg5 f6 8. Be3 Bd6 9. Nc3 Ne7 10. 0-0 0-0 11. Na4 b6 12. b3 Qe8 13. Qd3 Qh5 14. Qd1 Rad8 15. Bd2 Ng6 16. Nb2 Nf4 17. Bxf4 Bxf4 18. Nd3 Bd6 19. h3 g5 20. Nh2 Qh4 21. Qe2 Kh8 22. Nf3 Qh6 23. Nh2 Rde8 24. Rae1 Rg8 25. Ng4 Qg7 26. Ne3 Qf7 27. Qf3 h5 28. e5 g4 29. hxg4 hxg4 30. Qxf6+ Qxf6 31. exf6 Rg6 32. g3 Kg8 33. Nf5 Kf7 34. Nxd6+ cxd6 35. Re3 Rxf6 36. Nf4 Bd7 37. Rfe1 Rxe3 38. Rxe3 c5 39. Kf1 Bc6 40. Ke2 Bf3+ 41. Kd2 Rh6 42. Re1 Rh2 43. Ke3 d5 44. Nd3 Kf6 45. c3 Be4 46. Nf4 Ke5 47. Rd1 Bf3 48. Rd2 Rh1 49. Nd3+ Kf5 50. Rb2 Rh8 51. Nc1 Re8+ 52. Kd3 Re1 53. Kd2 Rd1+ 54. Kc2 Rf1 55. Nd3 Ke4 0-1

[Event "SVK-chT4 A22 1819"]
[Site "Slovakia"]
[Date "2018.12.16"]
[Round "5.2"]
[White "Sarmir, Milos"]
[Black "Valach, Peter"]
[Result "1-0"]
[WhiteElo "2090"]
[BlackElo "1773"]
[PlyCount "59"]
[EventDate "2018.10.14"]
[EventType "team-tourn"]
[EventRounds "11"]
[EventCountry "SVK"]
[SourceTitle "EXT 2020"]
[Source "ChessBase"]
[SourceDate "2019.10.17"]
[SourceVersion "1"]
[SourceVersionDate "2019.10.17"]
[SourceQuality "1"]

1. e4 c5 2. Nf3 e6 3. d4 cxd4 4. Nxd4 a6 5. c4 Nf6 6. Bd3 Be7 7. 0-0 d6 8. Nc3 0-0 9. Be3 Qc7 10. Qe2 b6 11. Rad1 Bb7 12. f3 Nbd7 13. Nb3 Nc5 14. Bb1 Rfd8 15. Nd2 Bc6 16. Qf2 d5 17. exd5 exd5 18. cxd5 Nxd5 19. Nxd5 Rxd5 20. Rc1 Qd7 21. Ne4 Ne6 22. Bxb6 Bb5 23. Rfe1 Bb4 24. Nc3 Rd2 25. Qh4 Rxg2+ 26. Kxg2 Qd2+ 27. Kh1 Bc6 28. Bxh7+ Kf8 29. Qxb4+ Ke8 30. Be4 1-0

[Event "SVK-chT3A2 1819"]
[Site "Slovakia"]
[Date "2018.12.09"]
[Round "5.6"]
[White "Sarmir, Milos"]
[Black "Horak, Ivan"]
[Result "1-0"]
[WhiteElo "2076"]
[BlackElo "1996"]
[PlyCount "83"]
[EventDate "2018.10.07"]
[EventType "team-tourn"]
[EventRounds "11"]
[EventCountry "SVK"]
[SourceTitle "EXT 2020"]
[Source "ChessBase"]
[SourceDate "2019.10.17"]
[SourceVersion "1"]
[SourceVersionDate "2019.10.17"]
[SourceQuality "1"]
[WhiteTeam "Cifer"]
[BlackTeam "Holic"]
[WhiteTeamCountry "SVK"]
[BlackTeamCountry "SVK"]

1. e4 c5 2. Nf3 d6 3. d4 cxd4 4. Nxd4 Nf6 5. Bd3 g6 6. 0-0 Bg7 7. c3 0-0 8. Kh1 a6 9. Qe2 Qc7 10. f3 e5 11. Nc2 d5 12. Ne3 Be6 13. exd5 Nxd5 14. Nxd5 Bxd5 15. Be3 Nc6 16. Nd2 f5 17. Nc4 Bxc4 18. Bxc4+ Kh8 19. Rad1 Rad8 20. Bg5 Rxd1 21. Rxd1 h6 22. Bh4 g5 23. Bf2 Rd8 24. Be6 f4 25. Bb3 Rxd1+ 26. Bxd1 Qd6 27. Bc2 Qd5 28. Bb3 Qd7 29. Qe4 Ne7 30. Bc2 Kg8 31. h4 Qc6 32. Qd3 Kf7 33. Qd8 Bf6 34. Bb3+ Kg7 35. Bb6 Qb5 36. Bf2 Qf1+ 37. Bg1 gxh4 38. Qe8 Bg5 39. Qf7+ Kh8 40. Bc2 e4 41. Qf8+ Ng8 42. Bb3 1-0